00574cam a2200193 a 450000100100000000500170001000800410002702000150006804000230008308200180010610000280012424500540015226000320020630000210023849000300025965000220028965000360031183000330034700000895620200929161441.0880415s1987 sp 000 f spa  a8420424315 aDO-SdBNPcDLCdDLC a863.64bG724p1 aGoytisolo, Luis,d1935-13aLa paradoja del ave migratoria /cLuis Goytisolo. aMadrid :bAlfaguara,c1987. a173 p. ;c20 cm.1 aLiteratura Alfaguarav217 4aNovela española 4aLiteratura españolaySIGLO XX 1aLiteratura Alfaguara ;v217.